[Event "San Francisco TNM Spring op"]
[Site "San Francisco"]
[Date "2012.03.20"]
[Round "2"]
[White "Graham, Ryan"]
[Black "Campers, William"]
[Result "1-0"]
[WhiteElo "1284"]
[BlackElo "1649"]
[PlyCount "121"]
[EventDate "2012.03.13"]
[EventType "swiss"]
[EventRounds "8"]
[EventCountry "USA"]
[SourceTitle "EXT 2014"]
[Source "ChessBase"]
[SourceDate "2013.11.20"]
[SourceVersion "1"]
[SourceVersionDate "2013.11.20"]
[SourceQuality "1"]

1. e4 e6 2. d4 d5 3. Nc3 Nf6 4. Bg5 Be7 5. e5 Nfd7 6. h4 Bxg5 7. hxg5 Qxg5 8. Nh3 Qe7 9. Qg4 f6 10. Nf4 Nf8 11. Nfxd5 Qf7 12. exf6 gxf6 13. Qe4 a6 14. f4 f5 15. Qe5 Ng6 16. Qxc7 Nc6 17. Qxf7+ Kxf7 18. Ne3 Nxf4 19. 0-0-0 Ne7 20. Nc4 b5 21. Ne5+ Kg7 22. g3 Bb7 23. Rg1 Nfd5 24. Ne2 Ne3 25. Rd3 Nxf1 26. Rxf1 Be4 27. Rc3 Rhc8 28. g4 b4 29. Rxc8 Rxc8 30. c3 bxc3 31. bxc3 Nd5 32. c4 Ne3 33. Rg1 fxg4 34. c5 h5 35. Nf4 Rb8 36. Ned3 h4 37. Kd2 Nf5 38. Rxg4+ Kf7 39. Ne5+ Ke7 40. Nfg6+ Ke8 41. Rxe4 h3 42. Ng4 Rb2+ 43. Kd3 h2 44. Nxh2 Rxh2 45. Rxe6+ Kf7 46. Rxa6 Rg2 47. Ne5+ Ke8 48. a4 Rg1 49. Ke4 Ne7 50. Ra8+ Nc8 51. Rxc8+ Ke7 52. Kd5 Rh1 53. a5 Rh6 54. Rc6 Rh2 55. a6 Ra2 56. Rb6 Ra4 57. Nc6+ Kd7 58. a7 Kc7 59. Rb5 Ra6 60. Nb8 Rxa7 61. Nc6 1-0

[Event "San Francisco TNM Winter op"]
[Site "San Francisco"]
[Date "2012.02.21"]
[Round "8"]
[White "Graham, Ryan"]
[Black "Morgan, Jerry"]
[Result "1-0"]
[WhiteElo "1280"]
[BlackElo "1447"]
[PlyCount "79"]
[EventDate "2012.01.03"]
[EventType "swiss"]
[EventRounds "8"]
[EventCountry "USA"]
[SourceTitle "EXT 2014"]
[Source "ChessBase"]
[SourceDate "2013.11.20"]
[SourceVersion "1"]
[SourceVersionDate "2013.11.20"]
[SourceQuality "1"]

1. e4 c6 2. d4 d5 3. Nc3 dxe4 4. Nxe4 Bf5 5. Ng3 Bg6 6. h4 h6 7. Nf3 Nd7 8. h5 Bh7 9. Bd3 Bxd3 10. Qxd3 e6 11. Bf4 Qa5+ 12. Bd2 Bb4 13. Bxb4 Qxb4+ 14. Qc3 Qb5 15. d5 Ngf6 16. dxe6 fxe6 17. 0-0-0 0-0-0 18. Nd4 Qg5+ 19. Kb1 Nd5 20. Qa5 Kb8 21. Nxe6 Qf6 22. Nxd8 Rxd8 23. Ne4 Qf8 24. Rh3 N7f6 25. Nxf6 Nc3+ 26. bxc3 Rxd1+ 27. Kb2 gxf6 28. Rd3 Rxd3 29. cxd3 Qd6 30. Qf5 Qe7 31. Qf4+ Kc8 32. Qe4 Kd7 33. Qxe7+ Kxe7 34. f4 Ke6 35. g4 b5 36. Kc2 c5 37. Kd2 a5 38. d4 c4 39. a3 Kd5 40. g5 1-0

[Event "San Francisco TNM Winter op"]
[Site "San Francisco"]
[Date "2012.02.14"]
[Round "7"]
[White "Graham, Ryan"]
[Black "Campers, William"]
[Result "0-1"]
[WhiteElo "1280"]
[BlackElo "1641"]
[PlyCount "76"]
[EventDate "2012.01.03"]
[EventType "swiss"]
[EventRounds "8"]
[EventCountry "USA"]
[SourceTitle "EXT 2014"]
[Source "ChessBase"]
[SourceDate "2013.11.20"]
[SourceVersion "1"]
[SourceVersionDate "2013.11.20"]
[SourceQuality "1"]

1. e4 e6 2. d4 d5 3. Nc3 Nf6 4. Bg5 Be7 5. e5 Nfd7 6. h4 Bxg5 7. hxg5 Qxg5 8. Nh3 Qh6 9. g4 f6 10. f4 fxe5 11. Nf2 Qxf4 12. Ne2 Qf6 13. Rh5 0-0 14. Rh2 e4 15. Qd2 Qf3 16. Ng1 Qg3 17. Rg2 Qd6 18. 0-0-0 c5 19. g5 Nc6 20. g6 h6 21. Ng4 Qf4 22. Qxf4 Rxf4 23. Nh3 Rf3 24. Rh2 Nxd4 25. c3 Nf5 26. Be2 Rg3 27. Nf4 Nf8 28. Nh5 Nxg6 29. Nxg3 Nxg3 30. Rg1 Nxe2+ 31. Rxe2 Nf4 32. Rh2 Kh7 33. Rf1 Nd3+ 34. Kd2 e5 35. Rf8 b6 36. Rh1 Bb7 37. Rf7 Ba6 38. Nf6+ Kg6 0-1

[Event "San Francisco TNM Winter op"]
[Site "San Francisco"]
[Date "2012.01.17"]
[Round "3"]
[White "Allen, Tom"]
[Black "Graham, Ryan"]
[Result "0-1"]
[WhiteElo "1549"]
[BlackElo "1280"]
[PlyCount "148"]
[EventDate "2012.01.03"]
[EventType "swiss"]
[EventRounds "8"]
[EventCountry "USA"]
[SourceTitle "EXT 2014"]
[Source "ChessBase"]
[SourceDate "2013.11.20"]
[SourceVersion "1"]
[SourceVersionDate "2013.11.20"]
[SourceQuality "1"]

1. e4 c5 2. d4 cxd4 3. c3 dxc3 4. Nxc3 Nc6 5. Nf3 d6 6. Bc4 e6 7. 0-0 Nf6 8. Qe2 Be7 9. Rd1 0-0 10. e5 Ne8 11. exd6 Bxd6 12. Bf4 Qe7 13. Bxd6 Nxd6 14. Nd5 Qd8 15. Nf4 Qe7 16. Bb3 Rd8 17. Ne5 Na5 18. Bc2 Bd7 19. Nxd7 Rxd7 20. Qh5 f5 21. Re1 e5 22. Bxf5 Nxf5 23. Qxf5 Re8 24. Qh3 Qf7 25. Nd3 e4 26. Nc5 Rde7 27. b3 Nc6 28. Rad1 b6 29. Na4 Nb4 30. Nb2 Nxa2 31. Rd4 e3 32. fxe3 Qxb3 33. Nd1 Nb4 34. Qf5 a6 35. Rh4 g6 36. Qf4 Nd3 37. Qf1 Nxe1 38. Qxe1 Rxe3 39. Nxe3 Qxe3+ 40. Qxe3 Rxe3 41. Kf2 Rc3 42. Rd4 Rc7 43. Rd8+ Kg7 44. Ra8 a5 45. Rb8 Rc6 46. Rb7+ Kh6 47. h4 g5 48. hxg5+ Kg6 49. g4 a4 50. Ke3 Kxg5 51. Rxh7 Kxg4 52. Kd4 Rc1 53. Rb7 Rb1 54. Kc3 Kf4 55. Kc4 Rb2 56. Rf7+ Kg5 57. Kc3 Rb5 58. Ra7 Rb3+ 59. Kc2 b5 60. Ra6 Kf5 61. Ra7 Ke5 62. Rd7 Ke6 63. Rd8 Rb4 64. Kc3 Rc4+ 65. Kb2 Ke7 66. Rd5 Rb4+ 67. Kc3 Ke6 68. Rd8 Rc4+ 69. Kb2 b4 70. Ra8 b3 71. Rd8 Rc2+ 72. Kb1 a3 73. Rb8 a2+ 74. Ka1 Rc1+ 0-1

[Event "San Francisco TNM Winter op"]
[Site "San Francisco"]
[Date "2012.01.10"]
[Round "2"]
[White "Graham, Ryan"]
[Black "Ochoa, Jason"]
[Result "0-1"]
[WhiteElo "1280"]
[BlackElo "1906"]
[PlyCount "134"]
[EventDate "2012.01.03"]
[EventType "swiss"]
[EventRounds "8"]
[EventCountry "USA"]
[SourceTitle "EXT 2014"]
[Source "ChessBase"]
[SourceDate "2013.11.20"]
[SourceVersion "1"]
[SourceVersionDate "2013.11.20"]
[SourceQuality "1"]

1. e4 c5 2. Nf3 g6 3. d4 Bg7 4. Nc3 cxd4 5. Nxd4 Nc6 6. Be3 d6 7. f3 Nf6 8. Qd2 0-0 9. 0-0-0 Nxd4 10. Bxd4 Be6 11. Kb1 Rc8 12. g4 a6 13. h4 b5 14. h5 b4 15. Nd5 a5 16. hxg6 fxg6 17. g5 Nxd5 18. Bxg7 Nc3+ 19. Bxc3 bxc3 20. Qh2 Rf7 21. b3 Qb6 22. Bh3 Bxh3 23. Qxh3 Qc5 24. Rd3 a4 25. Qe6 axb3 26. Qxb3 Rc6 27. Kc1 Rb6 28. Qxc3 Qxg5+ 29. Qd2 Qf6 30. Qc3 Qg5+ 31. Qd2 Qe5 32. Qc3 Qb5 33. Qb3 Qa6 34. Qe6 Kf8 35. Rc3 Rc6 36. Rb3 Rc8 37. Kb2 Ra8 38. a3 Qe2 39. Qd5 Rc8 40. Qd3 Qg2 41. Rf1 Rxc2+ 42. Qxc2 Qxf1 43. Qc3 e5 44. Qc8+ Kg7 45. Rb7 Qe2+ 46. Ka1 Qd1+ 47. Kb2 Qd4+ 48. Kb1 Qd3+ 49. Kb2 Qxf3 50. Rxf7+ Qxf7 51. a4 Qf2+ 52. Kb3 Qe3+ 53. Kb2 Qd4+ 54. Kb3 Qb6+ 55. Ka2 h5 56. Qe6 Qf2+ 57. Kb3 Qe3+ 58. Kb2 Qd4+ 59. Kb3 Qd3+ 60. Kb2 Qxe4 61. Qe7+ Kh6 62. Qf8+ Kg5 63. Qe7+ Kg4 64. Qe6+ Kg3 65. Qxd6 Qxa4 66. Qxe5+ Qf4 67. Qe1+ Qf2+ 0-1